| 000 | 00644nam a22001695i 4500 | ||
|---|---|---|---|
| 001 | 158434 | ||
| 003 | ES-MaACL | ||
| 005 | 20251015063141.0 | ||
| 008 | 040831s1873 fr |||| | fre d | ||
| 040 |
_aCAM _bspa _cCAM |
||
| 100 | 1 |
_aMadaune, Jean-Michel de, _cAbbé _9129316 |
|
| 245 | 1 | 0 |
_aIgnace Spencer et la renaissance du catholicisme en Angleterre 1828-1872 / _cpar l'abbé de Madaune. |
| 260 |
_aParis : _bCharles Douniol libraire-éditeur : _bLibrairie Générale, _c1873 ( _eClichy : _fImpr. Paul Dupont) |
||
| 300 |
_a468 p. ; _c18 cm. |
||
| 852 |
_aES-MaACL _jF-10326 _z-- Enc. pasta española |
||
| 999 |
_c158434 _d158434 |
||